| 000 | 00848nas a2200277 4500 | ||
|---|---|---|---|
| 001 | BR0501859 | ||
| 003 | BR-BrBNA | ||
| 005 | 20231205105228.0 | ||
| 007 | ta | ||
| 008 | 230509b bl.|||p| |||| 00| 00por d | ||
| 040 |
_aBR-BrBNA _bpor _cBiblioteca Nacional de Agricultura |
||
| 041 | _a(En) | ||
| 072 | _aF60 | ||
| 100 | 1 | _aLima, M. da P. | |
| 100 | 1 | _aSilva, T.M.D. | |
| 100 | 1 | _aSilva, J.D. da | |
| 100 | 1 | _aZoghbi, M. das G.B. | |
| 100 | 1 | _aAndrade, E.H.A. | |
| 245 | 1 | _aEssential oil composition of leaf and fine stem of Aniba canelilla (Kunth)Mez from Manaus, Brazil | |
| 650 | _aÓLEO ESSENCIAL | ||
| 650 | _aCOMPOSIÇÃO QUÍMICA | ||
| 650 | _aFOLHA | ||
| 773 | 0 |
_tActa Amazônica (Brazil) _xISSN 0044-5967 _g(Apr-Jun 2004), v. 34(2) p. 329-330 _wBR0501859 |
|
| 909 |
_a202311 _bLúcia _c55 _dLúcia Elande |
||
| 942 |
_2AGRIS _n0 _cANA |
||
| 999 |
_c181875 _d181875 |
||